Регионална библиотека "Любен Каравелов" - Русе

Паяжината на Шарлот (Запис номер 106151)

MARC детайли
000 -Лидер
Контролно поле с фиксирана дължина 01344nam a2200361 c 4500
003 - Код на организацията, давaща контролен номер
Контролно поле BLK
005 - Дата и час на последна редакция
Контролно поле 20240527151336.0
008 - Елементи от данни с фиксирана дължина
fixed length control field 180409b bul|||||r ||||||| ||bul||
010 ## - Наследен системен номер
LC control number KNG00111404000
020 ## - Международен стандартен номер на книга ISBN
Международен стандартен номер на книга ISBN 978-954-390-078-7
-- издат.: SkyPrint
040 ## - Източник на каталожния запис
Идентификатор на билиотеката - собственик на записа BLK
041 ## - Код за език
Код за езика на текст/звукозапис или на отделно заглавие Български
Код за езика КДБФ Български
072 #7 - Код за тематичната категория
Код организация bullib
Код за тематична категория Н85
Текст Детска художествена литература Н
080 ## - УДК
Текстов определител УДК Американска литература (на САЩ)
УДК код - определител по УДК 821.111(73)
УДК определител -31
УДК - код + определител 821.111(73)-31
100 1# - Редна дума - Автор
Автор Уайт, Елвин Брукс
Авторска отговорност първи автор
R(LIN) 366430
139 ## - Редно поле
Редна дума Уайт, Елвин Брукс
Авторски знак Уаит - У 14
245 10 - Сведения за заглавието
Заглавие Паяжината на Шарлот
Редно поле (дума) Елвин Брукс Уайт; прев. Гергана Дечева; ил. Гарт Уилямс.
257 ## - Страна на издаване
Страна на създаване/издаване Съединени американски щати
260 ## - Област на издателските данни
-- София
Име на издателя, разпространителя и проч. SkyPrint
Година на издаване 2012
300 ## - Физическа характеристика
Страници 208 с.
Размери/Мащаб 21 см
380 ## - Жанр
Жанр Детска худож. лит.
500 ## - Общи забележки
Забележка Без сведение за ориг. загл.
653 ## - Ключова дума – ненормативна
Ключова дума романи
659 ## - Тематичен бюлетин
Тематичен бюлетин Н
700 1# - Други автори (авторска отговорност)
Лично име Дечева, Гергана
Автороска отговорност (Описва отношението между автора и произведението) прев.
9 (RLIN) 310506
700 1# - Други автори (авторска отговорност)
Лично име Уилямс, Гарт
Автороска отговорност (Описва отношението между автора и произведението) ил.
9 (RLIN) 310507
852 ## - Местоположение
Форматна сигнатура Цб 255136
856 4# - Електронен адрес и достъп
Електронен формат pdf - файл
Път до файла /url/
856 4# - Електронен адрес и достъп
Електронен формат pdf - файл
Път до файла /url/
942 ## - АРТИКУЛИ
Вид на библиотечния материал Книги
Скрит в OPAC Не
Koha issues (borrowed), all copies 22
944 ## - СЪЗДАВАНЕ И РЕДАКЦИЯ на ЗАПИСА
Създаване/Редакция Създаване
Дата на регистрацията/редакция 22.05.2012
Статус, дата на статуса Мира Стойчева
Служител, извършил регистрацията/редакцията 30532
944 ## - СЪЗДАВАНЕ И РЕДАКЦИЯ на ЗАПИСА
Създаване/Редакция Редакция
Дата на регистрацията/редакция 10.09.2013
Статус, дата на статуса ф /
Служител, извършил регистрацията/редакцията
999 ## - СИСТЕМНИ КОНТРОЛНИ НОМЕРА
Koha biblionumber 106151
Koha biblioitemnumber 106151
Наличности
Код за отписване Код за изгубен артикул Източник на класификационната схема Код за повреда Коз за рестрикции Код за отдаване Артикулен № Име на библиотеката - собственик Име на библиотеката, в която се намира в момента Статус (Текущо местоположение) Дата на вписване в системата Местоположение - отдел Цена в лева Инвентарен номер Систематично азбучна сигнатура Баркод Номер на екземпляра Цена в евро Служебна бележка Служебен тип на артикула
  Не е изгубен Universal Decimal Classification Не е повреден без рестрикции заемане за дома 171277 Регионална библиотека "Любен Каравелов" Русе Регионална библиотека "Любен Каравелов" Русе Детски отдел 2012-05-22 Детски отдел 8.99 120000757697 ДХ 820/899/У 14 120000757697 1 4.60 Дост: DA Вид: А N: 7 Дата: 16.05.2012 Книги
  Не е изгубен Universal Decimal Classification Не е повреден без рестрикции заемане за дома 171278 Регионална библиотека "Любен Каравелов" Русе Регионална библиотека "Любен Каравелов" Русе Детски отдел 2012-05-22 Детски отдел 8.99 120000757698 ДХ 820/899/У 14 120000757698 2 4.60 Дост: DA Вид: А N: 7 Дата: 16.05.2012 Дата инв: 11.08.2015 Бележки инв: Д2015 Книги
  Не е изгубен Universal Decimal Classification Не е повреден без рестрикции заемане за дома 171279 Регионална библиотека "Любен Каравелов" Русе Регионална библиотека "Любен Каравелов" Русе Детски отдел 2012-05-23 Детски отдел 9.99 120000757758 ДХ 820/899/У 14 120000757758 3 5.11 Дост: Pk Вид: Ф N: 279 Дата: 09.05.2012 Дата инв: 11.08.2015 Бележки инв: Д2015 Книги
  Не е изгубен   Не е повреден без рестрикции ползва се в читалня 171280 Регионална библиотека "Любен Каравелов" Русе Регионална библиотека "Любен Каравелов" Русе Хранилище 2013-09-09 Хранилище 9.99 120000769166 Цб 255136 120000769166 4 5.11 Дост: Dp Вид: Д N: 21 Дата: 16.05.2012 Книги
Vip Innovations Ltd, Rousse, Bulgaria 2025